000 00160nam a22000857a 4500
082 _a823
100 _aGEORGE IMMATTI
245 _aORIGIN OF THE PRAYER
942 _cBK
999 _c8357
_d8357